| 000 | 00706nam a22002297a 4500 | ||
|---|---|---|---|
| 999 |
_c17127 _d17127 |
||
| 003 | AR-CdUCM | ||
| 008 | 190507b ||||| |||| 00| 0 spa d | ||
| 040 |
_aMUNICIPALIDAD PROVINCIAL DEL CUSCO _cBIBLIOTECA MUNICIPAL DEL CUSCO |
||
| 041 | _heng | ||
| 082 |
_a126 / _bV945 |
||
| 100 |
_aVon Wright, Georg Henrik _936983 |
||
| 245 | _aLa lógica de la preferencia / | ||
| 260 |
_aBuenos Aires : _bEudeba, _c1967. |
||
| 300 |
_a79 páginas ; _c19 cm. |
||
| 505 | _aContenido: Lógica de la preferencia. | ||
| 650 |
_aLógica _92358 |
||
| 650 |
_aFilosofía _9395 |
||
| 650 |
_aAxiomas _919386 |
||
| 700 |
_aVernengo, Roberto J. (traducción) _936984 |
||
| 942 |
_2ddc _cLIBROS |
||
| 945 |
_adavv _d07/05/2019 |
||